00664nam a2200169 a 450000100100000000500170001000800410002704000250006808200170009310000300011024501340014026000540027430000190032804900090034795201210035699900170047700002374020200930022430.0110112s1968 mx r 000 0 spa d aDO-SdBNPbspacBNPHU axxxxxbT183h1 aTardiff, Guillermo94888410aHistoria general del comercio exterior mexicano :bantecedentes, documentos, glosas y comentarios 1503-1847 /cGuillermo Tardiff. aMéxico, D. F. :eGráfica Panamericana,c1968. at. 1 ;c27 cm. aBNGR 001054708MOaGRbGRcCTd2011-01-12iLF1l0oxxxxx T183hp23740-10r2020-06-25w2020-06-25y4ZPréstamo en sala c23236d23236